| 000 | 02151nam a22003613i 4500 | ||
|---|---|---|---|
| 001 | EBC31973584 | ||
| 003 | MiAaPQ | ||
| 005 | 20251205133730.0 | ||
| 007 | cr cnu|||||||| | ||
| 008 | 251205s2025 xx o ||||0 ger d | ||
| 020 |
_a9783406830532 _q(electronic bk.) |
||
| 020 | _z9783406830518 | ||
| 040 |
_aMiAaPQ _beng _cMiAaPQ |
||
| 100 | 1 |
_aNeitzel, Sönke. _91061 |
|
| 245 | 1 | 4 |
_aDie Bundeswehr : _bVon der Wiederbewaffnung Bis Zur Zeitenwende. |
| 250 | _a1st ed. | ||
| 264 | 1 |
_aMünchen : _bC.H. Beck, _c2025. |
|
| 264 | 4 | _c{copy}2025. | |
| 300 | _a1 online resource (130 pages) | ||
| 336 |
_aText _btxt _2rdacontent |
||
| 337 |
_aComputermedien _bc _2rdamedia |
||
| 338 |
_aOnline Resource _bcr _2rdacarrier |
||
| 500 | _aE-Book-ProQuest / Fernzugriff nach Registrierung möglich | ||
| 505 | 0 | _aCover -- Titel -- Impressum -- Inhalt -- Prolog -- I. Kalter Krieg -- Gründerjahre (1955 bis 1972) -- Außenpolitische Dimensionen -- Innenpolitische Dimensionen -- Neue Leitbilder -- Bedingt abwehrbereit -- Konsolidierung (1972 bis 1990) -- Außenpolitische Dimensionen -- Reformen - Chancen und Grenzen -- Eine Wehrmacht in neuem Gewande? -- Den Krieg üben -- II. Out-of-Area (1991 bis 2023) -- Von Somalia in den Kosovo -- Tradition und Rechtsextremismus -- Mission Impossible am Hindukusch -- Vom Irak bis nach Mali -- Zurück auf Los: Die Wiederentdeckung der Landesund Bündnisverteidigung -- III. Zeitenwende!? -- Vom Zaudern der Politik -- Mehrheiten und Minderheiten in der Gesellschaft -- Die Bundeswehr - kein Wille zur Reform? -- Epilog -- Bibliographie -- Abkürzungsverzeichnis -- Karte: Die wichtigsten Auslandseinsätze der Bundeswehr -- Karte: Afghanistan und seine Provinzen -- Zum Buch -- Vita. | |
| 653 | _aMilitary law-Germany (West). | ||
| 655 |
_aFernzugriff _9230 |
||
| 655 | 4 | _aElectronic books. | |
| 776 | 0 | 8 |
_iPrint version: _aNeitzel, Sönke _tDie Bundeswehr _dMünchen : C.H. Beck,c2025 _z9783406830518 |
| 856 | 4 | 0 |
_uhttps://ebookcentral.proquest.com/lib/maxweberstiftung-ebooks/detail.action?docID=31973584 _zVolltext |
| 942 | _cEB | ||
| 999 |
_c73348 _d73348 |
||